Errores del Sr. Ortí y Lara acerca de la encíclica "cum multa" / (Record no. 164543)

MARC details
000 -LEADER
campo de control de longitud fija 00690nam a22001815i 4500
001 - NÚMERO DE CONTROL
campo de control 164543
003 - IDENTIFICADOR DE NÚMERO DE CONTROL
campo de control ES-MaACL
005 - FECHA Y HORA DE LA ÚLTIMA TRANSACCIÓN
campo de control 20231229063050.0
008 - DATOS DE LONGITUD FIJA--INFORMACIÓN GENERAL
campo de control de longitud fija 950206s1885 sp |||| | spa d
040 ## - FUENTE DE CATALOGACIÓN
Centro catalogador/agencia de origen AS
Lengua de catalogación spa
Centro/agencia transcriptor CCPB | PA2
100 1# - ENTRADA PRINCIPAL--NOMBRE DE PERSONA
Nombre de persona Sánchez, Miguel,
Fechas asociadas al nombre 1833-1889
9 (RLIN) 102411
245 10 - MENCIÓN DEL TÍTULO
Título Errores del Sr. Ortí y Lara acerca de la encíclica "cum multa" /
Mención de responsabilidad, etc. por Miguel Sánchez, presbítero.
260 ## - PUBLICACIÓN, DISTRIBUCIÓN, ETC.
Lugar de publicación, distribución, etc. Madrid :
Nombre del editor, distribuidor, etc. [s.n.],
Fecha de publicación, distribución, etc. 1885 (
Fabricante Imprenta de E. de la Riva)
300 ## - DESCRIPCIÓN FÍSICA
Extensión 187 p. ;
Dimensiones 22 cm.
700 1# - ENTRADA AGREGADA--NOMBRE PERSONAL
Nombre de persona Ortí y Lara, Juan Manuel.
9 (RLIN) 87534
852 ## - LOCALIZACIÓN
Ubicación ES-MaACL
Número de control de estantería T-431-F-5
Nota libre -- Enc. hol.
-- -- Donativo del autor
-- -- Enc. en un vol. facticio
Holdings
Estatus retirado Estado de pérdida Estado de daño No para préstamo Colección Biblioteca de origen Biblioteca actual Ubicación en estantería Fecha de adquisición Total de préstamos Signatura topográfica completa Código de barras Visto por última vez Precio de reemplazo Tipo de ítem Koha
        Colección de folletos Biblioteca del Ateneo de Madrid Biblioteca del Ateneo de Madrid Depósito folletos 17/01/2008   T-431-F-5 1172480 23/02/2023 23/02/2023 Folleto